Sociální souvislosti aktivního stáří

Gespeichert in:
Bibliographische Detailangaben
Weitere Verfasser: Tomeš, Igor, Šámalová, Kateřina
Format: Buch
Sprache:Tschechisch
Veröffentlicht: Praha Univerzita Karlova, nakladatelství Karolinum 2017
Schlagworte:
Tags: Tag hinzufügen
Keine Tags, Fügen Sie das erste Tag hinzu!

MARC

LEADER 00000nam a2200000 4500
001 0237825
005 20240221111456.4
020 |a 978-80-246-3612-2 
041 0 |a cze 
044 |a CZ 
245 1 0 |a Sociální souvislosti aktivního stáří  |c Igor Tomeš, Kateřina Šámalová (ed.) a kolektiv 
264 1 |a Praha  |b Univerzita Karlova, nakladatelství Karolinum  |c 2017 
300 |a 254 s. 
610 2 0 |a seniori 
610 2 0 |a starnutie populácie 
610 2 0 |a kvalita života 
610 2 0 |a práca sociálna 
610 2 0 |a starostlivosť sociálna 
610 2 0 |a Česko 
700 1 |a Tomeš, Igor 
700 1 |a Šámalová, Kateřina